[Event "Russian Championship G17 2016"]
[Site "Loo"]
[Date "2016.04.22"]
[Round "3.11"]
[White "Dorofeeva, Nyurguiaana"]
[Black "Barbaeva, Irina"]
[Result "0-1"]
[WhiteElo "1851"]
[BlackElo "1968"]
[PlyCount "54"]
[EventDate "2016.04.20"]

1. d4 d5 2. Bf4 c5 3. e3 Nf6 4. c3 Qb6 5. Qb3 Nc6 6. h3 c4 7. Qxb6 axb6 8. Na3
e5 9. Nb5 Ra5 10. dxe5 Rxb5 11. exf6 Rxb2 12. fxg7 Bxg7 13. Ne2 Bf5 14. a4 O-O
15. Rg1 Re8 16. Rd1 Bd3 17. Nd4 Bxd4 18. cxd4 Nb4 19. Rc1 Bxf1 20. Rxf1 Nd3+
21. Kd1 Nxf2+ 22. Rxf2 Rxf2 23. Rb1 Rf1+ 24. Kc2 Rxb1 25. Kxb1 Ra8 26. Bc7 Rxa4
27. Bxb6 Rb4+ 0-1

[Event "Russian Championship G17 2016"]
[Site "Loo"]
[Date "2016.04.22"]
[Round "3.12"]
[White "Perfilova, Maria"]
[Black "Khristenko, Anna"]
[Result "0-1"]
[WhiteElo "1844"]
[BlackElo "1962"]
[PlyCount "132"]
[EventDate "2016.04.20"]

1. e4 c5 2. Nf3 e6 3. d4 cxd4 4. Nxd4 a6 5. Nc3 Qc7 6. Bd3 Nf6 7. f4 d6 8. Qf3
Nc6 9. Nxc6 Qxc6 10. g4 Be7 11. g5 Nd7 12. Be3 b5 13. O-O-O Bb7 14. a3 Rc8 15.
Qf2 Nc5 16. Bd4 Nxd3+ 17. Rxd3 a5 18. Bxg7 Rg8 19. Bf6 Bxf6 20. gxf6 b4 21.
axb4 axb4 22. Nd5 Qc5 23. Qxc5 Rxc5 24. Ne7 Bxe4 25. Rd2 Bxh1 26. Nxg8 Be4 27.
Re2 d5 28. Nh6 b3 29. c3 Ra5 30. f5 Ra1+ 31. Kd2 Rb1 32. Ke3 exf5 33. Kf4 Rf1+
34. Ke5 f4 35. Nf5 f3 36. Rd2 Bxf5 37. Kxf5 Re1 38. Rf2 Re2 39. Rxf3 Rxb2 40.
Re3+ Kd8 41. Re7 Rf2+ 42. Kg4 b2 43. Rb7 Rxh2 44. Kf5 Kc8 45. Rb4 Kc7 46. Kg4
Re2 47. Kh5 Kc6 48. Kh6 Rg2 49. Kxh7 Rg6 50. Rxb2 Rxf6 51. Kg7 Rf3 52. Ra2 f5
53. Kf6 Rxc3 54. Kxf5 Re3 55. Rc2+ Kb5 56. Kf4 d4 57. Rc8 Kb4 58. Rc7 Re8 59.
Kf3 d3 60. Kf2 d2 61. Rb7+ Kc3 62. Rc7+ Kb2 63. Rb7+ Kc1 64. Rc7+ Kd1 65. Rh7
Rc8 66. Ke3 Kc1 0-1

[Event "Russian Championship G17 2016"]
[Site "Loo"]
[Date "2016.04.22"]
[Round "3.13"]
[White "Simakova, Elena"]
[Black "Makhno, Maria"]
[Result "1/2-1/2"]
[WhiteElo "1826"]
[BlackElo "1962"]
[PlyCount "61"]
[EventDate "2016.04.20"]

1. e4 c5 2. Nf3 g6 3. d4 Bg7 4. dxc5 Qa5+ 5. c3 Qxc5 6. Na3 a6 7. Be3 Bxc3+ 8.
Ke2 Qb4 9. bxc3 Qxa3 10. Bd4 f6 11. Ke3 Nc6 12. Qd2 Nh6 13. Bc4 Nf7 14. Rab1
Nxd4 15. Qxd4 e5 16. Bxf7+ Kxf7 17. Qc4+ Kg7 18. Rhd1 b5 19. Qc7 Re8 20. Rd2
Re7 21. Rb3 d5 22. Qc6 Bb7 23. Qxf6+ Kxf6 24. Rxa3 dxe4 25. Rd6+ Re6 26. Rxe6+
Kxe6 27. Ng5+ Kf5 28. Nf7 Ke6 29. Ng5+ Kf5 30. Nf7 Ke6 31. Ng5+ 1/2-1/2

[Event "Russian Championship G17 2016"]
[Site "Loo"]
[Date "2016.04.22"]
[Round "3.14"]
[White "Tishova, Svetlana"]
[Black "Kovaleva, Ekaterina"]
[Result "1-0"]
[WhiteElo "1946"]
[BlackElo "1786"]
[PlyCount "45"]
[EventDate "2016.04.20"]

1. e4 c5 2. Nf3 e6 3. c4 Nc6 4. Nc3 Nf6 5. Be2 d5 6. exd5 exd5 7. d4 dxc4 8. d5
Nb4 9. Bxc4 Bd6 10. O-O O-O 11. a3 Na6 12. Bg5 h6 13. Bh4 Bf5 14. Bd3 Bxd3 15.
Qxd3 g5 16. Bg3 Nc7 17. Rad1 Bxg3 18. fxg3 Qd6 19. Qf5 Nh7 20. Ne5 Kg7 21. Nd7
Nf6 22. Nxf6 Rh8 23. Nh5+ 1-0

[Event "Russian Championship G17 2016"]
[Site "Loo"]
[Date "2016.04.22"]
[Round "3.15"]
[White "Kazak, Natalia"]
[Black "Illina, Natalia"]
[Result "0-1"]
[WhiteElo "1784"]
[BlackElo "1945"]
[PlyCount "106"]
[EventDate "2016.04.20"]

1. d4 Nf6 2. c4 e6 3. Nc3 Bb4 4. Bg5 h6 5. Bh4 g5 6. Bg3 Ne4 7. Qc2 f5 8. e3
Bxc3+ 9. bxc3 b6 10. Nf3 d6 11. Bd3 Bb7 12. d5 Nd7 13. Bxe4 fxe4 14. Qxe4 Qf6
15. Qxe6+ Qxe6 16. dxe6 Nc5 17. O-O Bxf3 18. gxf3 Nxe6 19. Rfd1 O-O 20. Kg2 Rf5
21. Rd5 Raf8 22. Rxf5 Rxf5 23. Rb1 Ra5 24. Rb2 Ra4 25. Kf1 Rxc4 26. Rc2 Kf7 27.
Ke2 Ke7 28. Kd3 Rc5 29. e4 Nf4+ 30. Ke3 Ng2+ 31. Ke2 Rb5 32. Rd2 Ke6 33. a4 Rb1
34. Rd1 Rb3 35. Rg1 Nf4+ 36. Bxf4 gxf4 37. Rg6+ Kf7 38. Rxh6 Rxc3 39. Rh4 Rc4
40. Rxf4+ Ke6 41. Rf5 Rxa4 42. h4 Ra1 43. f4 Rh1 44. Rh5 a5 45. Rh6+ Ke7 46.
Rh7+ Kf6 47. h5 a4 48. h6 a3 49. Rxc7 a2 50. e5+ dxe5 51. fxe5+ Kxe5 52. Ra7
a1=Q 53. Rxa1 Rxa1 0-1

[Event "Russian Championship G17 2016"]
[Site "Loo"]
[Date "2016.04.22"]
[Round "3.16"]
[White "Borunova, Tatiana"]
[Black "Kosheparova, Tatiana"]
[Result "1-0"]
[WhiteElo "1699"]
[BlackElo "1933"]
[PlyCount "85"]
[EventDate "2016.04.20"]

1. e4 c5 2. Nc3 Nc6 3. g3 g6 4. Bg2 Bg7 5. d3 d6 6. Be3 Rb8 7. Qd2 b5 8. Nge2
Nd4 9. h3 e6 10. Nd1 Nxe2 11. Kxe2 Qc7 12. c3 Ne7 13. Bh6 O-O 14. h4 Nc6 15.
Bxg7 Kxg7 16. h5 e5 17. Ne3 Be6 18. Nf5+ Bxf5 19. exf5 Rh8 20. hxg6 h6 21. Rxh6
Rxh6 22. f6+ Kxf6 23. Qxh6 fxg6 24. Qh4+ Kg7 25. Rh1 Ne7 26. Qh7+ Kf6 27. Rh6
Qc8 28. Bh3 Qg8 29. Bd7 Qxh7 30. Rxh7 b4 31. c4 Rd8 32. Bg4 a5 33. Bf3 Rg8 34.
g4 Rg7 35. Rh8 Rg8 36. Rh7 Rg7 37. Rh2 Ke6 38. Rh8 g5 39. Be4 Kd7 40. Ra8 Nc6
41. Bxc6+ Kxc6 42. Ra6+ Kb7 43. Rxd6 1-0

[Event "Russian Championship G17 2016"]
[Site "Loo"]
[Date "2016.04.22"]
[Round "3.17"]
[White "Yurovskikh, Yasmin"]
[Black "Troyanok, Tatiana"]
[Result "0-1"]
[WhiteElo "1892"]
[BlackElo "1772"]
[PlyCount "74"]
[EventDate "2016.04.20"]

1. d4 d5 2. Nf3 Nf6 3. e3 e6 4. Bd3 c5 5. b3 Bd6 6. Bb2 Nc6 7. O-O Qc7 8. c4
cxd4 9. exd4 O-O 10. Nbd2 b6 11. Qe2 Ba6 12. Ne5 Nb4 13. Bb1 dxc4 14. bxc4 Nbd5
15. Ne4 Nxe4 16. Qxe4 f5 17. Qf3 Bxe5 18. dxe5 Qxc4 19. Rc1 Qf4 20. Qa3 Bb5 21.
Qd6 Rfe8 22. a4 Qd2 23. axb5 Qxb2 24. Bxf5 Nf4 25. Bg4 Red8 26. Qc6 Qxe5 27.
Re1 Qd6 28. Bxe6+ Nxe6 29. Rxe6 Qxc6 30. Rxc6 Rd5 31. Rb1 Re8 32. Rc7 Rxb5 33.
Rd1 Rd5 34. Rb1 a5 35. g3 b5 36. Ra7 b4 37. Ra1 b3 0-1

[Event "Russian Championship G17 2016"]
[Site "Loo"]
[Date "2016.04.22"]
[Round "3.18"]
[White "Alekseeva, Angelina"]
[Black "Abasheeva, Ksenia"]
[Result "0-1"]
[WhiteElo "1619"]
[BlackElo "1886"]
[PlyCount "90"]
[EventDate "2016.04.20"]

1. d4 Nf6 2. c4 e5 3. dxe5 Ng4 4. Nf3 Nc6 5. Bg5 Be7 6. Bf4 Bb4+ 7. Nbd2 Qe7 8.
e3 Ngxe5 9. Nxe5 Nxe5 10. a3 Bxd2+ 11. Qxd2 O-O 12. Be2 d6 13. O-O Bf5 14. b4
Rad8 15. Qc3 Rfe8 16. Rad1 h6 17. h3 Kh7 18. g4 Bd7 19. Bg3 f5 20. Qd4 Nf7 21.
Bd3 Ng5 22. f4 Ne4 23. gxf5 Bxf5 24. Bxe4 Bxe4 25. Kh2 Qe6 26. Rg1 Qf5 27. Rdf1
Bc6 28. Bh4 Rd7 29. b5 Be4 30. Rg4 Rf7 31. Rfg1 Qd7 32. Qxa7 b6 33. Qa4 Bd3 34.
R4g3 Re4 35. Qb3 Bxc4 36. Qc2 Bd5 37. a4 Kh8 38. Qd3 Qe6 39. Qc3 Qd7 40. Qd3
Qe6 41. Qc3 Rc4 42. Qb2 Qd7 43. Bf6 gxf6 44. Rg6 Qe7 45. Qg2 Bxg2 0-1

[Event "Russian Championship G17 2016"]
[Site "Loo"]
[Date "2016.04.22"]
[Round "3.19"]
[White "Dekalyuk, Anastasiya"]
[Black "Skomorokhina, Ekaterina"]
[Result "0-1"]
[WhiteElo "1554"]
[BlackElo "1883"]
[PlyCount "128"]
[EventDate "2016.04.20"]

1. e4 c5 2. Nf3 g6 3. d4 cxd4 4. Nxd4 Bg7 5. c4 Nc6 6. Be3 Nf6 7. Nc3 O-O 8.
Be2 d6 9. O-O a5 10. f3 Bd7 11. Qd2 a4 12. Rac1 Qa5 13. Ndb5 Rfc8 14. Rfd1 Ne5
15. Na3 Be6 16. Nd5 Qxd2 17. Bxd2 Bxd5 18. cxd5 Ned7 19. Bb5 Nc5 20. Nc4 Nfd7
21. Rc2 Bd4+ 22. Kf1 Rab8 23. Bb4 Bf6 24. Bxc5 Nxc5 25. Nb6 Rc7 26. g3 Na6 27.
Rdc1 Rxc2 28. Rxc2 Nb4 29. Rc7 Bxb2 30. Nxa4 Bf6 31. Nb6 Bd4 32. Nd7 Ra8 33. a4
Na2 34. Rxb7 Nc3 35. Rb8+ Rxb8 36. Nxb8 Nxb5 37. axb5 Kf8 38. Nc6 Bb6 39. Ke2
Ke8 40. Kd3 Kd7 41. Kc4 e5 42. Nb4 Kc7 43. Nd3 f5 44. Nb2 h5 45. Na4 Bf2 46.
Kb4 fxe4 47. fxe4 g5 48. Nb2 g4 49. Nd1 Bg1 50. Ka5 Kb7 51. Nb2 Bxh2 52. Nc4
Bxg3 53. Nxd6+ Kb8 54. Nf5 Bf2 55. d6 h4 56. b6 Kb7 57. Kb5 h3 58. d7 Bxb6 59.
Ng3 Bd8 60. Kc5 Kc7 61. Kd5 Kxd7 62. Nf1 Bh4 63. Kxe5 g3 64. Nd2 h2 0-1

[Event "Russian Championship G17 2016"]
[Site "Loo"]
[Date "2016.04.22"]
[Round "3.21"]
[White "Elkina, Yuliya"]
[Black "Potapova, Margarita"]
[Result "0-1"]
[WhiteElo "1559"]
[BlackElo "2109"]
[PlyCount "72"]
[EventDate "2016.04.20"]

1. f4 d5 2. b3 c5 3. e3 Nc6 4. Nf3 Nf6 5. Bb2 g6 6. Bb5 Bd7 7. Qe2 Bg7 8. O-O
O-O 9. d3 d4 10. Bxc6 Bxc6 11. exd4 cxd4 12. Nxd4 Qb6 13. c3 Nd5 14. Qf2 Bd7
15. Nd2 Qc7 16. c4 Nb4 17. Qe2 Qb6 18. Qe3 Nc6 19. N2f3 Bg4 20. Ne5 Rad8 21.
Nxg4 Nxd4 22. Kh1 Qd6 23. Qd2 h5 24. Ne3 a6 25. Rad1 Rd7 26. Nd5 e6 27. Nc3
Rfd8 28. Qf2 Qc6 29. Rd2 Nf5 30. Rfd1 Bd4 31. Qe2 Kg7 32. Na4 b5 33. Nc3 h4 34.
cxb5 Ng3+ 35. hxg3 hxg3 36. bxc6 Rh8+ 0-1

[Event "Russian Championship G17 2016"]
[Site "Loo"]
[Date "2016.04.22"]
[Round "3.22"]
[White "Teryaeva, Valeria"]
[Black "Kheyfets, Nataliya"]
[Result "1-0"]
[WhiteElo "1929"]
[BlackElo "2035"]
[PlyCount "91"]
[EventDate "2016.04.20"]

1. e4 e6 2. d4 d5 3. Nd2 Nf6 4. e5 Nfd7 5. f4 c5 6. c3 Nc6 7. Ndf3 a6 8. a3 Be7
9. Bd3 b5 10. b4 cxd4 11. cxd4 Nb6 12. Ne2 Bd7 13. g4 Nc4 14. f5 h5 15. gxh5
Bh4+ 16. Kf1 exf5 17. Nf4 Be6 18. Rg1 Be7 19. Bd2 Qb6 20. Bxc4 bxc4 21. Bc3 Kd7
22. Rxg7 Bf8 23. Rg3 Bh6 24. Ng5 Rag8 25. Ngxe6 fxe6 26. Ng6 Rh7 27. Ra2 Rf7
28. Rf2 Na7 29. a4 Nc6 30. a5 Qa7 31. Qa4 Kc7 32. Nf4 Re8 33. Nh3 Rb8 34. Rg6
Be3 35. Rf3 Bxd4 36. Rxe6 Rxb4 37. Nf4 Bxc3 38. Nxd5+ Kb7 39. Nxc3 Nd4 40. Nb5
axb5 41. Qd1 Nxe6 42. Qd5+ Kb8 43. Qxe6 Rg7 44. Qe8+ Kc7 45. Rg3 Rd7 46. Qxd7+
1-0

[Event "Russian Championship G17 2016"]
[Site "Loo"]
[Date "2016.04.22"]
[Round "3.23"]
[White "Spiridonova, Yana"]
[Black "Bocharova, Anastasia"]
[Result "1/2-1/2"]
[WhiteElo "1824"]
[BlackElo "1612"]
[PlyCount "81"]
[EventDate "2016.04.20"]

1. d4 d6 2. c4 e5 3. d5 g6 4. Nc3 Bg7 5. g3 f5 6. e4 Nf6 7. Bg2 a5 8. Nge2 O-O
9. O-O fxe4 10. Nxe4 Nxe4 11. Bxe4 Bh3 12. Re1 Nd7 13. Nc3 Nc5 14. Bg2 Bxg2 15.
Kxg2 Qf6 16. Be3 b6 17. f3 Rf7 18. Ne4 Qe7 19. Rf1 Raf8 20. Qe2 Qd7 21. Ng5 Re7
22. Bxc5 bxc5 23. Ne6 Rb8 24. Qc2 e4 25. Nxg7 exf3+ 26. Rxf3 Kxg7 27. Raf1 Qg4
28. R1f2 Qd4 29. Rf4 Qe5 30. Qd2 a4 31. Qc2 Rb6 32. R4f3 Rb4 33. a3 Rb8 34.
Qxa4 Rxb2 35. Rxb2 Qxb2+ 36. Rf2 Qd4 37. Qb5 Qe4+ 38. Kg1 Qe1+ 39. Kg2 Qe4+ 40.
Kg1 Qe1+ 41. Kg2 1/2-1/2

[Event "Russian Championship G17 2016"]
[Site "Loo"]
[Date "2016.04.22"]
[Round "3.24"]
[White "Shojhet, Sofiy"]
[Black "Shafigullina, Zarina"]
[Result "1/2-1/2"]
[WhiteElo "1807"]
[BlackElo "1930"]
[PlyCount "176"]
[EventDate "2016.04.20"]

1. Nf3 Nf6 2. g3 b6 3. Bg2 Bb7 4. O-O e6 5. d3 Be7 6. Nbd2 O-O 7. e4 d6 8. Re1
c5 9. c3 Nc6 10. Nf1 Rc8 11. h4 d5 12. Bf4 d4 13. Qc2 Nh5 14. Bd2 e5 15. Rad1
Re8 16. N1h2 Bf8 17. Bg5 Qd6 18. Bh3 Rc7 19. Qe2 Nf6 20. Ng4 Nxg4 21. Bxg4 f6
22. Bc1 Ba6 23. h5 Rd8 24. c4 b5 25. Nh4 Ne7 26. b3 bxc4 27. bxc4 g5 28. Nf5
Nxf5 29. Bxf5 Bc8 30. Bxc8 Rcxc8 31. Qg4 Qd7 32. Qxd7 Rxd7 33. Ba3 Rd6 34. Rb1
Ra6 35. Rb3 Ra4 36. Re2 Bd6 37. Bc1 Rc6 38. a3 Rb6 39. Reb2 Raa6 40. Rxb6 axb6
41. Rb3 g4 42. Kg2 Bc7 43. Rb1 Ra5 44. f3 gxf3+ 45. Kxf3 Kf7 46. g4 Ke6 47. Rb5
Ra8 48. Rb1 Kd7 49. Rb5 Kc6 50. Kf2 Bd6 51. Kf3 Rg8 52. Bd2 Bc7 53. Bc1 Bd6 54.
Bd2 Ra8 55. Bc1 Re8 56. Bd2 Bc7 57. Bc1 Ra8 58. Kf2 Ra4 59. Ke2 Bd8 60. Kf3 Kb7
61. Rb3 Bc7 62. Ke2 Bd6 63. Kf3 Ra5 64. Bd2 Ra8 65. Bc1 Ra4 66. Ke2 Kc6 67. Kf2
Be7 68. Rb5 Bd8 69. Kf3 Ra7 70. Kf2 f5 71. exf5 e4 72. dxe4 Ra4 73. Rb2 Rxc4
74. Bd2 d3 75. Kf3 Bf6 76. Rb3 Rd4 77. g5 Be5 78. Ke3 c4 79. Rb4 b5 80. Bc3 d2
81. Bxd2 Rd3+ 82. Ke2 Rxa3 83. Rb1 c3 84. Be3 Ra2+ 85. Kd3 Rh2 86. h6 Rh3 87.
Ke2 Rh2+ 88. Kd3 Rh3 1/2-1/2

[Event "Russian Championship G17 2016"]
[Site "Loo"]
[Date "2016.04.22"]
[Round "3.25"]
[White "Senkova, Darya"]
[Black "Chistyakova, Daria"]
[Result "1/2-1/2"]
[WhiteElo "1685"]
[BlackElo "1857"]
[PlyCount "124"]
[EventDate "2016.04.20"]

1. e4 e5 2. Nf3 Nc6 3. Bc4 Nf6 4. d3 d5 5. exd5 Nxd5 6. O-O Be7 7. Re1 O-O 8.
Nc3 Nb6 9. Bb3 Bg4 10. h3 Bh5 11. g4 Bg6 12. Nxe5 Nxe5 13. Rxe5 Kh8 14. f4 f6
15. Re1 c5 16. Be3 a6 17. Qf3 Be8 18. Qxb7 Rc8 19. Nd5 Nxd5 20. Qxd5 Qc7 21.
Qf3 Rd8 22. Bd5 Bd6 23. Rf1 g5 24. Be4 Bd7 25. Bd2 c4 26. fxg5 fxg5 27. Bc3+
Be5 28. Qe3 Bxc3 29. bxc3 Ba4 30. Rxf8+ Rxf8 31. Qd4+ Qg7 32. Qxg7+ Kxg7 33.
dxc4 Rc8 34. Bd3 Be8 35. Re1 h6 36. Re5 Bf7 37. Ra5 Bxc4 38. Bxc4 Rxc4 39. Rxa6
Rxc3 40. Ra7+ Kg6 41. Ra6+ Kg7 42. Ra7+ Kg6 43. Ra6+ Kg7 44. a4 Rxc2 45. a5 Ra2
46. Ra7+ Kg6 47. a6 h5 48. gxh5+ Kxh5 49. Ra8 Kh4 50. a7 Kg3 51. Kf1 Kh2 52.
Ke1 Kg3 53. h4 Ra1+ 54. Kd2 Ra2+ 55. Kc3 Ra3+ 56. Kb4 Rxa7 57. Rxa7 gxh4 58.
Rg7+ Kh2 59. Kc3 h3 60. Kd3 Kh1 61. Ke3 h2 62. Rh7 Kg2 1/2-1/2

[Event "Russian Championship G17 2016"]
[Site "Loo"]
[Date "2016.04.22"]
[Round "3.26"]
[White "Shabunova, Ekaterina"]
[Black "Borodina, Tatiana"]
[Result "1-0"]
[WhiteElo "1805"]
[BlackElo "1721"]
[PlyCount "41"]
[EventDate "2016.04.20"]

1. e4 b6 2. d4 Bb7 3. Bd3 e6 4. Nc3 Bb4 5. a3 Bxc3+ 6. bxc3 Nf6 7. f3 d5 8. e5
Nfd7 9. f4 c5 10. Nf3 Nc6 11. f5 cxd4 12. cxd4 Nxd4 13. O-O Nxf3+ 14. Qxf3 Qe7
15. fxe6 Qxe6 16. Bg5 O-O 17. Bf5 Qc6 18. Qh3 h6 19. Bxd7 Qg6 20. Be7 Rfb8 21.
e6 1-0

[Event "Russian Championship G17 2016"]
[Site "Loo"]
[Date "2016.04.22"]
[Round "3.27"]
[White "Suleimanova, Renata"]
[Black "Bychenkova, Yulia"]
[Result "1-0"]
[WhiteElo "1789"]
[BlackElo "1696"]
[PlyCount "109"]
[EventDate "2016.04.20"]

1. Nf3 d5 2. g3 Nf6 3. Bg2 Bf5 4. O-O e6 5. d4 h6 6. c4 c6 7. cxd5 exd5 8. Qb3
Qb6 9. Qxb6 axb6 10. Nc3 Bd6 11. b3 Nbd7 12. Bb2 O-O 13. Rfe1 Rfe8 14. e3 Ne4
15. Nh4 Bh7 16. Nxe4 Bxe4 17. Bxe4 Rxe4 18. Nf5 Bb4 19. Re2 Nf6 20. Kg2 Re6 21.
Nh4 Ne4 22. Rc2 Ba3 23. Bxa3 Rxa3 24. Nf3 f6 25. Ne1 Re8 26. Nd3 Rea8 27. f3
Nd6 28. Nc1 Nf5 29. Kf2 Re8 30. Re2 c5 31. g4 Ne7 32. dxc5 bxc5 33. Rc2 b6 34.
Rb1 Nc6 35. Rbb2 Nb4 36. Rd2 Kf7 37. Ne2 Ke6 38. Nc3 Rd8 39. Nb5 Ra5 40. a4 Rd7
41. Nc3 Ra8 42. Ne2 g5 43. Ng3 Kf7 44. Rb1 Re8 45. Rbd1 Red8 46. Nf5 Kg6 47. h4
h5 48. hxg5 fxg5 49. Rh1 h4 50. f4 Rh8 51. e4 gxf4 52. Nxh4+ Kg5 53. Nf3+ Kxg4
54. Rxh8 Re7 55. Rh4# 1-0

[Event "Russian Championship G17 2016"]
[Site "Loo"]
[Date "2016.04.22"]
[Round "3.28"]
[White "Shelepneva, Darya"]
[Black "Bushueva, Tatjana"]
[Result "1-0"]
[WhiteElo "1780"]
[BlackElo "1678"]
[PlyCount "63"]
[EventDate "2016.04.20"]

1. e4 e6 2. d4 d5 3. Nc3 Bb4 4. e5 c5 5. Qg4 Ne7 6. dxc5 Bxc3+ 7. bxc3 Ng6 8.
Nf3 O-O 9. Bd3 Qc7 10. Qh5 Nc6 11. O-O Rb8 12. Bd2 Nce7 13. Rab1 a5 14. Ng5 h6
15. Nf3 f5 16. exf6 Rxf6 17. Nh4 Nf4 18. Qe8+ Rf8 19. Bh7+ Kxh7 20. Qxf8 Nh5
21. Qf7 Nf6 22. Ng6 Nfg8 23. Bf4 Qxc5 24. Nxe7 Nxe7 25. Bxb8 Nc6 26. Bg3 Qxc3
27. Qc7 Qxc2 28. Qxc8 Qxa2 29. Rxb7 Nd4 30. Be5 Nf5 31. Qxe6 Qc2 32. Qf6 1-0

[Event "Russian Championship G19 2016"]
[Site "Loo"]
[Date "2016.04.22"]
[Round "3.1"]
[White "Lysenko, Margarita"]
[Black "Rodionova, Daria"]
[Result "0-1"]
[WhiteElo "2071"]
[BlackElo "2212"]
[PlyCount "116"]
[EventDate "2016.04.20"]

1. d4 Nf6 2. c4 g6 3. Nc3 d5 4. Bf4 Bg7 5. e3 O-O 6. Rc1 Na6 7. Nf3 c5 8. dxc5
dxc4 9. Bxc4 Nxc5 10. O-O Be6 11. Bxe6 Nxe6 12. Be5 Qa5 13. Qe2 a6 14. Rfd1
Rfd8 15. h3 Rac8 16. Rxd8+ Nxd8 17. a3 Nc6 18. Na2 Rd8 19. Bc3 Qa4 20. Nb4 Nxb4
21. Bxb4 Nd5 22. Rd1 Rd7 23. Rd2 Nxb4 24. Rxd7 Qxd7 25. axb4 Qa4 26. Qc4 Qa1+
27. Kh2 Qxb2 28. Qc8+ Bf8 29. Qxb7 Qxf2 30. Qe4 e6 31. Qf4 Qf1 32. h4 h6 33.
Kh3 Qh1+ 34. Kg3 Qf1 35. Kh3 Be7 36. Kh2 Kg7 37. Qd4+ Bf6 38. Qf4 Qb5 39. Qe4
Bc3 40. Nd4 Qxb4 41. Qe5+ Kg8 42. Qf6 Qd6+ 43. g3 a5 44. Qf3 Bxd4 45. exd4 Kg7
46. Qc3 Qb4 47. Qa1 Kg8 48. d5 Qd2+ 49. Kh3 Qxd5 50. Qc3 a4 51. Qc8+ Kh7 52.
Qf8 Qf3 53. Qb8 a3 54. Qa7 h5 55. Kh2 e5 56. Qa4 Qf2+ 57. Kh3 a2 58. Qa6 e4 0-1

[Event "Russian Championship G19 2016"]
[Site "Loo"]
[Date "2016.04.22"]
[Round "3.2"]
[White "Yakimenko, Viktoria"]
[Black "Solozhenkina, Elizaveta"]
[Result "1-0"]
[WhiteElo "2056"]
[BlackElo "2137"]
[PlyCount "89"]
[EventDate "2016.04.20"]

1. e4 c6 2. d4 d5 3. exd5 cxd5 4. Bd3 Nc6 5. c3 g6 6. Bf4 Bg7 7. h3 Nh6 8. Qc1
Nf5 9. Nf3 O-O 10. Na3 f6 11. g4 Nd6 12. Be3 e5 13. Be2 Ne4 14. Rg1 Be6 15. Nc2
a6 16. Nh2 exd4 17. Nxd4 Nxd4 18. Bxd4 f5 19. Bxg7 Kxg7 20. Nf3 fxg4 21. hxg4
Qb6 22. Nd4 Rxf2 23. Qe3 Qxb2 24. Nxe6+ Kf6 25. Rd1 Kxe6 26. Bc4 Qxc3+ 27. Qxc3
Nxc3 28. Bxd5+ Nxd5 29. Kxf2 Nf6 30. Rge1+ Kf7 31. Kg3 h6 32. Rc1 Nd5 33. Red1
Nf6 34. Rd6 Re8 35. Rf1 Re3+ 36. Kg2 Re2+ 37. Kg3 Re3+ 38. Kg2 Re2+ 39. Kg1
Rxa2 40. Rfxf6+ Ke7 41. Rxg6 Ra1+ 42. Kg2 Ra2+ 43. Kg3 Ra3+ 44. Kh4 Ra1 45. Rb6
1-0

[Event "Russian Championship G19 2016"]
[Site "Loo"]
[Date "2016.04.22"]
[Round "3.3"]
[White "Antipova, Anastasia"]
[Black "Marjina, Arina"]
[Result "1/2-1/2"]
[WhiteElo "2103"]
[BlackElo "2024"]
[PlyCount "96"]
[EventDate "2016.04.20"]

1. e4 c5 2. Nf3 d6 3. d4 cxd4 4. Nxd4 Nf6 5. Nc3 a6 6. h3 e5 7. Nde2 Be7 8. Ng3
Be6 9. Bg5 O-O 10. Qd2 b5 11. Bxf6 Bxf6 12. Rd1 Be7 13. Nd5 Bg5 14. Qc3 Nd7 15.
Qc7 Bxd5 16. Qxd8 Raxd8 17. exd5 f5 18. Be2 Rc8 19. c3 Nb6 20. O-O Rc5 21. Bd3
g6 22. Bc2 Nc4 23. b4 Rc7 24. Ne2 Nb6 25. Bb3 Kg7 26. f4 Bf6 27. g4 e4 28. Rc1
Rfc8 29. Rc2 Kf7 30. Rfc1 Nc4 31. Bxc4 Rxc4 32. a4 fxg4 33. hxg4 g5 34. fxg5
Bxg5 35. Rf1+ Kg7 36. Ng3 e3 37. Nf5+ Kg6 38. Nxd6 Rxg4+ 39. Rg2 Rxg2+ 40. Kxg2
Rxc3 41. Ne4 Rc2+ 42. Kf3 bxa4 43. Rg1 h6 44. d6 Kf7 45. Nxg5+ hxg5 46. Kxe3
Ke6 47. Rxg5 Rb2 48. Ra5 Rxb4 1/2-1/2

[Event "Russian Championship G19 2016"]
[Site "Loo"]
[Date "2016.04.22"]
[Round "3.4"]
[White "Obolentseva, Alexandra"]
[Black "Khatmullina, Dilara"]
[Result "1-0"]
[WhiteElo "2315"]
[BlackElo "2049"]
[PlyCount "45"]
[EventDate "2016.04.20"]

1. d4 d5 2. c4 c6 3. Nf3 e6 4. g3 Nf6 5. Bg2 Be7 6. O-O Nbd7 7. Qc2 b6 8. Rd1
Bb7 9. b3 O-O 10. Nc3 Rc8 11. e4 c5 12. exd5 exd5 13. Bb2 Qc7 14. Nh4 cxd4 15.
Nb5 Qb8 16. Nf5 Bc5 17. Bxd4 a6 18. Bxc5 Rxc5 19. Nbd6 Kh8 20. Nxb7 Qxb7 21.
Qb2 b5 22. Bxd5 Qc7 23. b4 1-0

[Event "Russian Championship G19 2016"]
[Site "Loo"]
[Date "2016.04.22"]
[Round "3.5"]
[White "Arutyunova, Asya"]
[Black "Diakonova, Ekaterina"]
[Result "1-0"]
[WhiteElo "1941"]
[BlackElo "2281"]
[PlyCount "75"]
[EventDate "2016.04.20"]

1. d4 Nf6 2. c4 c5 3. Nf3 e6 4. d5 exd5 5. cxd5 d6 6. Nc3 g6 7. g3 Bg7 8. Bg2
O-O 9. O-O Na6 10. Re1 Nc7 11. a4 Bg4 12. h3 Bxf3 13. Bxf3 Qd7 14. Bg2 b5 15.
axb5 Nxb5 16. Ra5 Rfb8 17. e4 Nxc3 18. bxc3 Qc7 19. Ra6 Ne8 20. c4 Rb6 21. Qa4
Rxa6 22. Qxa6 Rb8 23. Kh2 Qb6 24. Qa2 Nc7 25. Bf4 Na6 26. e5 Nb4 27. Qd2 dxe5
28. Bxe5 Bxe5 29. Rxe5 Qd6 30. Qe3 Nd3 31. Re8+ Rxe8 32. Qxe8+ Kg7 33. Qc6 Qe5
34. d6 Nb4 35. Qc7 a5 36. f4 Qf5 37. d7 Na6 38. Qe5+ 1-0

[Event "Russian Championship G19 2016"]
[Site "Loo"]
[Date "2016.04.22"]
[Round "3.6"]
[White "Drogovoz, Irina"]
[Black "Mamontova, Anastasia"]
[Result "0-1"]
[WhiteElo "2205"]
[BlackElo "2065"]
[PlyCount "96"]
[EventDate "2016.04.20"]

1. e4 c6 2. d4 d5 3. Nc3 dxe4 4. Nxe4 Nf6 5. Nxf6+ exf6 6. c3 Bd6 7. Bd3 O-O 8.
Ne2 Re8 9. Qc2 h6 10. O-O Qc7 11. h3 Nd7 12. Be3 c5 13. c4 cxd4 14. Nxd4 Bc5
15. Rad1 Ne5 16. Nb5 Qb6 17. Nd6 Bxe3 18. Nxe8 Bc5 19. b4 Bxb4 20. Rb1 Qc5 21.
Be4 a5 22. Rfd1 Qe7 23. f4 Nc6 24. Bxc6 bxc6 25. Rxb4 axb4 26. Nd6 Qe3+ 27. Kh1
Qxf4 28. Qb2 c5 29. Qe2 Be6 30. Ne4 Rc8 31. Rf1 Qe5 32. Qf3 Bxc4 33. Rc1 Bd5
34. Nxf6+ gxf6 35. Qg4+ Kh7 36. Qxc8 Bxg2+ 37. Kxg2 Qg5+ 38. Kh2 Qd2+ 39. Kg3
Qxc1 40. Qf8 Qc3+ 41. Kf4 Qd4+ 42. Kf3 Qd5+ 43. Kg3 Qxa2 44. Qxc5 Qb1 45. Qc7
Kg7 46. Qb7 b3 47. Qb4 b2 48. Kh4 Qc1 0-1

[Event "Russian Championship G19 2016"]
[Site "Loo"]
[Date "2016.04.22"]
[Round "3.7"]
[White "Yakimenko, Anastasia"]
[Black "Maslova, Polina"]
[Result "1/2-1/2"]
[WhiteElo "2050"]
[BlackElo "2096"]
[PlyCount "101"]
[EventDate "2016.04.20"]

1. Nf3 d5 2. g3 c6 3. Bg2 Bg4 4. O-O Nd7 5. d4 Ngf6 6. Nbd2 e6 7. Re1 Be7 8. e4
dxe4 9. Nxe4 O-O 10. c3 Re8 11. Qb3 Qb6 12. Bf4 Nd5 13. Bd2 h6 14. Ne5 Nxe5 15.
dxe5 Red8 16. Qc2 Bf5 17. a3 Bc5 18. Rf1 a5 19. Qc1 Bxe4 20. Bxe4 Qc7 21. Re1
Bf8 22. h4 h5 23. Bb1 g6 24. Bg5 Rd7 25. Re4 Bg7 26. Qe1 Ne7 27. Qe2 Nf5 28.
Kg2 Rd5 29. Bf4 Rad8 30. Ba2 R5d7 31. Rh1 Nh6 32. f3 Nf5 33. Qf2 Bh6 34. Bxh6
Nxh6 35. Rhe1 Rd2 36. R1e2 Qd7 37. b4 axb4 38. axb4 Nf5 39. g4 Ng7 40. c4 Qd3
41. Rxd2 Qxd2 42. b5 hxg4 43. fxg4 cxb5 44. cxb5 Qd1 45. Bc4 Rd2 46. Be2 Qb3
47. Re3 Qd5+ 48. Kg3 Ne8 49. Bf3 Rxf2 50. Bxd5 Rb2 51. Bxb7 1/2-1/2